banner koha

Antifungigrama para comprovar o potencial de ação dos extratos vegetais hidroglicólicos sobre Candida sp. (Berkhout) (Registro n. 298836)

MARC details
000 -LÍDER
fixed length control field 04080nab a2200265 i 4500
003 - CÓDIGO MARC DA AGÊNCIA CATALOGADORA
Campo de controle BR-BrBNA
005 - DATA E HORA DA ÚLTIMA ATUALIZAÇÃO
Campo de controle 20240319094214.0
008 - CAMPO DE TAMANHO FIXO
fixed length control field 240319b2012 bl.qr|pooa||| 00| 0 por |
040 ## - FONTE DA CATALOGAÇÃO
Agência catalogadora BR-BrBNA
Idioma da catalogação por
072 ## - CATEGORIA AGRIS
Código AGRIS F60
100 ## - ENTRADA PRINCIPAL - NOME PESSOAL
Nome pessoal Glehn, E.A.V.
100 ## - ENTRADA PRINCIPAL - NOME PESSOAL
Nome pessoal Rodrigues, G.P.S.
245 ## - TÍTULO PRINCIPAL
Título principal Antifungigrama para comprovar o potencial de ação dos extratos vegetais hidroglicólicos sobre Candida sp. (Berkhout)
500 ## - NOTA GERAL
Nota geral Publicação on-line; 10 ref.; 4 tables; Summaries (En, Pt)
942 ## - ADDED ENTRY ELEMENTS (KOHA)
Koha item type
520 ## - NOTA DE RESUMO
Nota de conteúdo <br/><br/>RESUMO: <br/><br/>A candidíase vaginal é uma doença causada, na maioria das vezes, pelo fungo do<br/>gênero Candida sp, que habita o trato gastrintestinal e geniturinário da espécie humana e pode<br/>tornar-se patogênico sob determinadas condições. A maioria dos indivíduos desenvolve defesas<br/>imunológicas que impedem a proliferação e desenvolvimento de candidíase localizada ou<br/>disseminada. Embora a causa exata do aumento de espécies não-albicans seja desconhecida,<br/>há evidências de que a própria terapia antifúngica possa estar contribuindo para o processo.<br/>Linhagens de C. glabrata são mais resistentes aos imidazólicos do que a C. albicans, sendo<br/>necessária uma concentração 10 vezes superior de miconazol para eliminar a C. glabrata quando<br/>comparada a C. albicans. Foi realizado um antifungigrama testando o potencial de ação de<br/>produtos vegetais sobre o fungo Candida sp. Foi observado que, ocorreu inibição do fungo no<br/>contato com os extratos hidroglicólicos das plantas Arctium lappa L., Calendula officinalis L.,<br/>Stryphnodendron adstringens (Mart.) Coville e Tabebuia avellanedae Lorentz ex Griseb. A<br/>importância deste trabalho reside na possibilidade de desenvolvimento de tratamento complementar,<br/>menos agressivo, de menor custo e sem toxidade, o que possibilitaria melhor qualidade de vida<br/>para portadoras de candidíase vaginal recorrente ou não.<br/><br/>Palavras-chave: candidíase, Arctium lappa, Calendula officinalis, Stryphnodendron adstringens,<br/>Tabebuia avellanedae<br/>
520 ## - NOTA DE RESUMO
Nota de conteúdo <br/><br/>ABSTRACT: <br/><br/>Etest to confirm the action potential of plant hydroglycol extracts on Candida<br/>sp. (Berkhout). Vaginal candidiasis is a disease caused, in most cases, by the fungus of the<br/>genus Candida sp., which inhabits the gastrointestinal and genitourinary tracts of the human<br/>species and can become pathogenic under certain conditions. Most individuals develop immune<br/>defenses that prevent the proliferation and the development of localized or disseminated candidiasis.<br/>Although the exact cause of the increase in non-albicans species is unknown, there is evidence<br/>that antifungal therapy itself may have contributed to it. Strains of C. glabrata are more resistant<br/>to imidazole than C. albicans, and a 10-fold higher concentration of miconazole is required to<br/>eliminate C. glabrata compared to C. albicans. Etest was performed by testing the action potential<br/>of plant products on the fungus Candida sp. Inhibition of the fungus occurred when it was in<br/>contact with the hydroglycol extracts of plants Arctium lappa L., Calendula officinalis L.,<br/>Stryphnodendron adstringens (Mart.) Coville and Tabebuia avellanedae Lorentz ex Griseb. The<br/>importance of this study lies in the possibility of developing a complementary treatment, less<br/>aggressive, of lower cost and without toxicity, which would allow better life quality for women with<br/>vaginal candidiases that are recurrent or not.<br/><br/>Key words: candidiasis, Arctium lappa, Calendula officinalis, Stryphnodendron adstringens,<br/>Tabebuia avellanedae
650 ## - ASSUNTO - THESAGRO
Cabeçalho tópico ou nome geográfico BARBATIMÃO
650 ## - ASSUNTO - THESAGRO
Cabeçalho tópico ou nome geográfico CANDIDÍASE
650 ## - ASSUNTO - THESAGRO
Cabeçalho tópico ou nome geográfico CALENDULA OFFICINALIS
650 ## - ASSUNTO - THESAGRO
Cabeçalho tópico ou nome geográfico TABEBUIA AVELLANEDAE
773 0# - ENTRADA ANALÍTICA
Host Biblionumber 3543
Registro do item 313916
Imprenta Botucatu-SP Instituto de Biociências - Departamento de Química e Bioquímica 1998
Outro identificador 2024-0186
Título Revista Brasileira de Plantas Medicinais (Brazil)
ISSN 1516-0572
Colação v. 14(3) p. 435-438; (2012)
Número de controle de registro BR2024000354
856 ## - ACESSO E ENDEREÇO ELETRÔNICO
Identificador uniforme de recurso - URI https://www.scielo.br/j/rbpm/a/YbS3dBrsM7S9JMfCx3mqHdD/?format=pdf&lang=pt

Nenhum exemplar disponível.

BINAGRI

Telefone: (61)3218-2567/2388/3357/2097 - binagri@agro.gov.br

Ministério da Agricultura e Pecuária , Esplanada dos Ministérios, Bloco D, Anexo B, Brasília/DF, CEP: 70.043-900